000 00770pam a2200277 a 4500
999 _c8982
_d8982
001 8982
003 BD-JhCC
005 20180306123850.0
008 821004s1983 maua 001 0 eng
020 _a087150376X
035 _a(BD-JhCC)8982
040 _aDLC
_cDLC
_dDLC
_dBD-JhCC
041 _aeng
050 0 0 _aTA330
_b.R533 1983
082 0 0 _a515/.0246
_219
_bRIC 1983
100 1 _aRice, Bernard J.
245 1 0 _aTechnical mathematics and calculus /
_cBernard J. Rice, Jerry D. Strange.
260 _aBoston :
_bPrindle, Weber & Schmidt,
_cc1983.
300 _axiii, 986 p. :
_bill. ;
_c24 cm.
500 _aIncludes index.
650 0 _aEngineering mathematics.
650 0 _aCalculus.
700 1 _aStrange, Jerry D.
942 _2ddc
_cBK